Integrated marketing : making business-to-business companies

Αποθηκεύτηκε σε:
Λεπτομέρειες βιβλιογραφικής εγγραφής
Κύριος συγγραφέας: Skinner, Richard N.
Μορφή: Βιβλίο
Γλώσσα:English
Δημοσίευση: London, New York : McGraw-Hill Book Company, c1994
Σειρά:McGraw-Hill marketing for professionals ; ; c1994
Θέματα:
Ετικέτες: Προσθήκη ετικέτας
Δεν υπάρχουν, Καταχωρήστε ετικέτα πρώτοι!

MARC

LEADER 00000nam a2200000 i 4500
001 1/45075
008 971128s1994 eng d
020 |a 0-07-707768-7 
035 |l 10026083 
040 |a GR-MY-UA  |b gre  |e aacr 
041 0 |a eng 
082 0 |a 658.8 
100 1 |a Skinner, Richard N. 
245 1 0 |a Integrated marketing :  |b making business-to-business companies /  |c Richard N. Skinner 
260 |a London, New York :   |b McGraw-Hill Book Company,   |c c1994 
300 |a xvi, 185 p. 
490 1 |a McGraw-Hill marketing for professionals series 
504 |a Includes index 
650 0 0 |a Marketing  |x Management. 
830 0 |a McGraw-Hill marketing for professionals ;  |v ; c1994 
852 |a INST  |b CHIOS  |e 19971128  |h 658.8 SKI  |p 005200010308  |q 005200010308  |t BK  |y 0 
901 |a BIBL-1997-11 
909 |a Χ  |b 051446 
922 |a 2ΕΛΗ  |b 199711  |c ΛΥΜΠΕΡΟΠΟΥΛΟΣ  |d ΠΑΠΑΣΩΤΗΡΙΟΥ